000 00409 a2200121 4500
082 _a005.4469
245 _aUser's guide to Microsoft Windows 3.1 for the microsoft windows operating system
_cMicrosoft
260 _aTaiwain :
_bMicrosoft Corporation PLC,
_c1992.
300 _axxxvii, 432 p. :
_bill.;
_c24 cm.
500 _aIncludes Index
650 _aMicrosoft Windows (Computer file)
942 _cBK
_k005.4469 MIC
999 _c6508
_d6508